000 00611nam a2200121Ia 4500
008 220620s9999||||xx |||||||||||||| ||und||
100 _aGanser, Alexandra
245 0 _aCrisis and Legitimacy in Atlantic American Narratives of Piracy
_b1678-1865
546 _aEnglish[eng]
650 _aNorth American Literature||Comparative Literature||Literary History||Transatlantic||Piracy||Early American Literature||Martime Literature||Antebellum||Open Access||Literature: history & criticism
856 _uhttps://library.oapen.org/bitstream/20.500.12657/41276/1/2020_Book_CrisisAndLegitimacyInAtlanticA.pdf
942 _cEB
999 _c29013
_d29013